Top 10 des sports des plus pratiqués en france - Statistiques

Statistiques générales
  • Ce quiz a été pris 471 fois
  • Le résultat moyen est 7 sur 10
Statistiques - réponses
Nombres Pratiquants Sport % Correct
2 018 000 Football
100%
1 019 597 Tennis
91%
678 482 Basketball
89%
456 086 Handball
82%
358 543 Natation
78%
303 048 Rugby
76%
692 400 Equitation
66%
502 002 Judo
59%
441 961 Golf
44%
316 366 Canoé kayak
9%
Aucun quiz correspondant
Distribution des résultats
% des personnes avec chaque résultat
Percentile par nombre de réponses
Votre historique - résultats
Vous n’avez pas pris ce quiz